000 00259nam a22001217a 4500
008 180922b xxu||||| |||| 00| 0 eng d
041 _aeng
080 _a531
100 _a43
101 _aFIZ
245 _aTables for Statisticians
_cArkin
942 _2udc
_cBK
999 _c48232
_d48232